La familia griega [ (Record no. 181390)

MARC details
000 -LEADER
campo de control de longitud fija 00548ntm a2200169 i 4500
001 - NÚMERO DE CONTROL
campo de control 181390
003 - IDENTIFICADOR DE NÚMERO DE CONTROL
campo de control ES-MaACL
005 - FECHA Y HORA DE LA ÚLTIMA TRANSACCIÓN
campo de control 20230906221341.0
008 - DATOS DE LONGITUD FIJA--INFORMACIÓN GENERAL
campo de control de longitud fija 121227s1931 sp |||| | spa d
100 1# - ENTRADA PRINCIPAL--NOMBRE DE PERSONA
Nombre de persona Biedma Carvajal, Amalia.
9 (RLIN) 152010
245 13 - MENCIÓN DEL TÍTULO
Título La familia griega [
Medio Manuscrito] /
Mención de responsabilidad, etc. Amalia Biedma Carvajal.
260 ## - PUBLICACIÓN, DISTRIBUCIÓN, ETC.
Lugar de publicación, distribución, etc. [S.l. :
Nombre del editor, distribuidor, etc. s.n.,
Fecha de publicación, distribución, etc. 1931]
300 ## - DESCRIPCIÓN FÍSICA
Extensión 2 h., 50 p., 17 h. de lám. ;
Dimensiones 26 cm.
500 ## - NOTA GENERAL
Nota general Ejemplar mecanografiado.
651 #4 - PUNTO DE ACCESO ADICIONAL DE MATERIA--NOMBRE GEOGRÁFICO
Nombre geográfico Grecia-
Subdivisión general Usos y costumbres.
9 (RLIN) 8786
852 ## - LOCALIZACIÓN
Ubicación ES-MaACL
Número de control de estantería C-5638
Nota libre .- Papel apergaminado
Holdings
Estatus retirado Estado de pérdida Estado de daño No para préstamo Colección Biblioteca de origen Biblioteca actual Ubicación en estantería Fecha de adquisición Fuente de adquisición Total de préstamos Signatura topográfica completa Código de barras Visto por última vez Precio de reemplazo Tipo de ítem Koha
        Manuscritos Biblioteca del Ateneo de Madrid Biblioteca del Ateneo de Madrid Sala Palomar 27/12/2012     C-5638 1190628 23/02/2023 23/02/2023 Manuscrito